000 00689nam a22002657a 4500
001 27235
003 UA-OsUOA
005 20210112213220.0
007 ta
008 20040621b un ||||| |||| 00| 0 ukr d
020 _a5-7975-0663-7
040 _aUA-OsUOA
_brus
_cUA-OsUOA
_dUA-OsUOA
041 _arus
044 _aRU
080 _a346.965(075.8)
090 _a346.965(075.8)
_bК95
100 _aКучерена А. Г.
245 _aАдвокатура
_bучебник
260 _aМосква
_bЮристъ
_c2004
300 _a351 с.
650 7 _2UDC
942 _cBK
_2udc
955 _a0
999 _c313579
_d313579